|
|
|
|
| LEADER |
02420nam a2200613 i 4500 |
| 001 |
nkc20233553874 |
| 003 |
CZ PrNK |
| 005 |
20260511092700.0 |
| 007 |
ta |
| 008 |
231009s2023 xr a a 000 0 cze d |
| 015 |
|
|
|a cnb003553874
|
| 020 |
|
|
|a 978-80-256-3384-7
|q (vázáno)
|
| 035 |
|
|
|a (OCoLC)1412781584
|
| 040 |
|
|
|a PVG001
|b cze
|d ABG001
|d ABA001
|e rda
|
| 041 |
1 |
|
|a cze
|h eng
|
| 072 |
|
7 |
|a 614.8
|x Úrazy a jejich prevence
|2 Konspekt
|9 14
|
| 072 |
|
7 |
|a 0/9-053.2
|x Literatura pro děti a mládež (naučná)
|2 Konspekt
|9 26
|
| 080 |
|
|
|a 614.88
|2 MRF
|
| 080 |
|
|
|a 629
|2 MRF
|
| 080 |
|
|
|a (0.025.2)
|2 MRF
|
| 080 |
|
|
|a (086.7)
|2 MRF
|
| 080 |
|
|
|a (0.053.2)
|2 MRF
|
| 100 |
1 |
|
|a Taplin, Sam
|7 xx0005687
|4 aut
|
| 240 |
1 |
0 |
|a Lights and sounds emergency vehicles.
|l Česky
|
| 245 |
1 |
0 |
|a Záchranáři :
|b světlo a zvuky /
|c Sam Taplin ; ilustrace Kathryn Selbert
|
| 250 |
|
|
|a První české vydání
|
| 264 |
|
1 |
|a Praha :
|b Svojtka & Co.,
|c 2023
|
| 300 |
|
|
|a 12 nečíslovaných stran :
|b barevné ilustrace ;
|c 22 cm
|
| 336 |
|
|
|a text
|b txt
|2 rdacontent
|
| 336 |
|
|
|a statický obraz
|b sti
|2 rdacontent
|
| 337 |
|
|
|a bez média
|b n
|2 rdamedia
|
| 338 |
|
|
|a svazek
|b nc
|2 rdacarrier
|
| 500 |
|
|
|a Z angličtiny přeložil Josef Vyskočil
|
| 500 |
|
|
|a Kartonové listy s výřezy, zadní deska se světelným a zvukovým modulem na baterie
|
| 520 |
2 |
|
|a Knížka s kartonovými listy a zvukovými efekty pro společné čtení a prohlížení. Kdo všechno patří k záchranným složkám a jak je poznat podle zvuku.
|
| 650 |
0 |
7 |
|a záchranářství
|7 ph117279
|2 czenas
|
| 650 |
0 |
7 |
|a dopravní prostředky
|7 ph114350
|2 czenas
|
| 650 |
0 |
9 |
|a emergency medical services
|2 eczenas
|
| 650 |
0 |
9 |
|a means of transportation
|2 eczenas
|
| 655 |
|
7 |
|a leporela
|7 fd132727
|2 czenas
|
| 655 |
|
7 |
|a knihy se zvuky
|7 fd1130738
|2 czenas
|
| 655 |
|
7 |
|a publikace pro děti
|7 fd133156
|2 czenas
|
| 655 |
|
9 |
|a folding picture-books
|2 eczenas
|
| 655 |
|
9 |
|a play and sound books
|2 eczenas
|
| 655 |
|
9 |
|a children's literature
|2 eczenas
|
| 700 |
1 |
|
|a Selbert, Kathryn
|7 xx0279244
|4 ill
|
| 700 |
1 |
|
|a Vyskočil, Josef
|7 ola2002106761
|4 trl
|
| 710 |
2 |
|
|a Svojtka & Co. (nakladatelství)
|7 ko20251261577
|4 pbl
|
| 910 |
2 |
|
|a BOA001
|b 2-1515.341
|
| 920 |
|
|
|a 4885349
|z ABG001
|
| 990 |
|
|
|a BK
|
| 995 |
|
|
|a 01
|
| 991 |
|
|
|b 202310
|c NOV
|
| 996 |
6 |
|
|b 2610950996
|c 2-1515.341
|l MZK
|r Sklad / do 1 hodiny
|n 1
|p p.v.
|w 001941322
|u 000010
|a 1
|e BOA001
|j MZK50
|s P
|